000 00907nam a2200277 i 4500
001 133599
003 ES-MaACL
005 20250902063105.0
007 t|
008 070821s1977 sp ||||1| spa d
080 _a342.7-055.2(410)"17"
080 _a37.04-055.2(410)"17"
100 1 _aWollstonecraft, Mary.
_9117288
245 1 0 _aVindicación de los derechos de la mujer /
_cMary Wollstonecraft ; traducción de Charo Ema y Mercedes Barat.
260 _aMadrid :
_bDebate,
_c1977
300 _a281 p. ;
_c21 cm.
490 1 _aTribuna feminista (Debate)
_9242181
650 1 4 _aMujeres-
_xDerechos-
_zGran Bretaña
_915266
650 4 _aMujeres-
_xEducación-
_zGran Bretaña.
_9144767
700 1 _aEma, Charo.
_947133
700 1 _aBarat, Mercedes.
_925337
830 0 _aTribuna feminista (Debate)
_9242181
852 _aES-MaACL
_jA-7778
942 _2udc
999 _c133599
_d133599